000 00436nam a2200181Ia 4500
001 23834
005 20260414151004.0
008 260414t2013||||xx |||||||||||||| ||spa||
041 _aESP
082 _a720
_bV23
100 _aValle González, Raúl del
_eAUT
245 0 _aDe, por, para... la arquitectura
_b
260 _c2013
300 _a159 páginas :
_c21 cm.
650 _aABD
654 _aCAU
942 _cLIB
_dJUS
_fJUS
_2ddc
_n
999 _c23834
_d23834